000 00460nam a2200181Ia 4500
001 21500
005 20260306172924.0
008 260306t2013||||xx |||||||||||||| ||spa||
041 _aESP
082 _a345.11
_bC32
100 _aCasana de Burga, Patricia
_eAUT
245 0 _aLas competencias directivas del juez supremo en el Perú
260 _c2013
300 _a132 páginas :
_c24 cm.
650 _aGEN
654 _aCDE
942 _cLIB
_dJUS
_fJUS
_2ddc
_n
999 _c21500
_d21500